Top 20 Länder, die am wenigsten Fleisch essen - Statistiken

Allgemein
  • Dieses Quiz wurde 357 mal gespielt
  • Das Durchschnittsergebnis liegt bei 9 aus 20
Antwortstatistiken
Kg/Pers. Hint Land % Korrekt
4.4 Asien Indien
81%
9.9 Asien Nepal
62%
8.8 Afrika Nigeria
59%
4 Asien Bangladesch
56%
3 Asien Bhutan
53%
11.6 Asien Indonesien
52%
11.7 Afrika Togo
48%
8.5 Afrika Äthiopien
47%
7.7 Afrika Eritrea
45%
11 Afrika Uganda
45%
6.5 Afrika Ruanda
44%
5.2 Afrika Burundi
43%
6.3 Asien Sri Lanka
43%
8.6 Afrika Guinea
42%
8.3 Afrika Malawi
42%
8.1 Afrika Gambia
41%
7.8 Afrika Mosambik
40%
9.6 Afrika Tansania
38%
7.3 Afrika Sierra Leone
33%
10.4 Afrika Liberia
28%
Keine übereinstimmenden Quizze gefunden
Verteilung der Resultate
Anzahl Personen mit jedem Resultat
Perzentil nach korrekt beantworteten Fragen
Ihre Resultats-Entwicklung
Sie haben dieses Quiz noch nicht gespielt